000
00313nam a2200121Ia 4500
008
180117s9999 xx 000 0 und d
100
_a
by Ana Valenzuela
245
4
_a
The Manila- Acapulco Galleons
260
_c
2017
300
_a
8-10 pages, 2017 March 5
440
_a
Philippine Panorama
650
_a
GALLEONS
999
_c
353354
_d
353354